| 000 | 00642nam a2200241Ia 4500 | ||
|---|---|---|---|
| 003 | OSt | ||
| 005 | 20220928115641.0 | ||
| 006 | a|||||r|||| 00| 0 | ||
| 007 | ta | ||
| 008 | 220927b |||||||| |||| 00| 0 eng d | ||
| 024 | _a66776 | ||
| 037 | _cTextual | ||
| 040 |
_aSDCL _cSDCL _beng |
||
| 041 |
_2eng _aeng |
||
| 082 | _aX:8DR, P2 | ||
| 100 |
_aTracy John A _9445351 |
||
| 245 | 0 | _aFinancial basics for business managers. | |
| 260 |
_aCanada _bJohn Wiley _c2002 |
||
| 300 |
_axi,290p. _ccm. |
||
| 650 |
_aProfit Management _9445352 |
||
| 942 |
_hX:8DR, P2 _cTEXL _2CC |
||
| 999 |
_c760310 _d760310 |
||